Review of medical microbiology and immunology (Record no. 42521)

MARC details
000 -LEADER
fixed length control field 00475nam a2200193Ia 4500
020 ## - INTERNATIONAL STANDARD BOOK NUMBER
ISBN 9780071845748
050 ## - CALL MARK
Classification number QR 46 .L48/
100 ## - STATEMENT OF RESPONSIBILITY--MAIN AUTHOR NAME
Personal name Levinson, Warren
245 #0 - TITLE STATEMENT
Title Review of medical microbiology and immunology
250 ## - EDITION / VOLUME STATEMENT
Edition / Volume statement 14th ed.
260 ## - PUBLICATION, DISTRIBUTION, ETC. (IMPRINT)
Place of publication United state
260 ## - PUBLICATION, DISTRIBUTION, ETC. (IMPRINT)
Name of publisher McGraw-Hill education
260 ## - PUBLICATION, DISTRIBUTION, ETC. (IMPRINT)
Year of publication 2016
300 ## - PHYSICAL DESCRIPTION
Number of Pages 821 p
650 ## - SUBJECT ADDED ENTRY--TOPICAL TERM
Topical Term United state
942 ## - ADDED ENTRY ELEMENTS (KOHA)
Koha item type Books
Holdings
Withdrawn status Lost status Source of classification or shelving scheme Damaged status Not for loan Permanent Location Current Location Shelving location Date acquired Accession Number Price effective from Koha item type
    Library of Congress Classification     NILE UNIVERSITY OF NIGERIA - MAIN LIBRARY NILE UNIVERSITY OF NIGERIA - MAIN LIBRARY Items on shelf 06/03/2025 0185825 06/03/2025 Books
    Library of Congress Classification     NILE UNIVERSITY OF NIGERIA - MAIN LIBRARY NILE UNIVERSITY OF NIGERIA - MAIN LIBRARY Items on shelf 06/03/2025 0188640 06/03/2025 Books